| 000 | 01991cam a2200253 4500 | ||
|---|---|---|---|
| 001 | 2615 | ||
| 005 | 20181127165355.0 | ||
| 008 | 060331s2006 enka b 001 0 eng | ||
| 010 | _a 2006010946 | ||
| 020 | _a0199279004 | ||
| 020 | _a9780199279005 | ||
| 043 | _ae------ | ||
| 245 | 0 | 4 |
_aThe institutions of the European Union / _cedited by John Peterson and Michael Shackleton. |
| 250 | _a2nd ed. | ||
| 260 |
_aOxford ; _aNew York : _bOxford University Press, _cc2006. |
||
| 300 |
_axxii, 390 p. : _bill. ; _c25 cm. |
||
| 440 | 4 | _aThe new European Union series | |
| 504 | _aIncludes bibliographical references (p. [349]-372) and index. | ||
| 505 | 0 | _aThe EU's institutions : an overview / John Peterson and Michael Shackleton -- Institutional change in the EU / Renaud Dehousse and Paul Magnette -- The European Council / Philippe de Schoutheete -- The Council of Ministers / Fiona Hayes-Renshaw -- The college of Commissioners / John Peterson -- The European Parliament / Michael Shackleton -- The European Court of Justice / Tom Kennedy -- The Commission's services / Liesbet Hooghe and Neill Nugent -- Managing the euro : the European Central Bank / Kathleen R. McNamara -- Managing Europeanization : the European agencies / Giandomenico Majone -- Financial control : the Court of Auditors and OLAF / Brigid Laffan -- Security interests : police and judicial cooperation / Theodora Kostakopoulou -- International interests : the Common Foreign and Security Policy / Michael E. Smith, Brian Crowe, and John Peterson -- National interests : Coreper / Jeff Lewis -- Political interests : the European Parliament's party groups / Tapio Raunio -- Social and regional interests : the Economic and Social Committee and Committee of the Regions / Charlie Jeffery -- Conclusion / John Peterson and Michael Shackleton. | |
| 610 | 2 | 0 | _aEuropean Union. |
| 651 | 0 |
_aEuropean Union countries _xPolitics and government. |
|
| 700 | 1 |
_aPeterson, John, _d1958- |
|
| 700 | 1 |
_aShackleton, Michael, _d1949- |
|
| 999 |
_c2080 _d2080 |
||